| 000 | 01535nam a22002895i 4500 | ||
|---|---|---|---|
| 999 |
_c28971 _d28942 |
||
| 003 | EG-ScBUE | ||
| 005 | 20201020130335.0 | ||
| 008 | 200219q2004 ua a f 000 0 ara d | ||
| 040 |
_aEG-ScBUE _bara _erda _cEG-ScBUE _dEG-ScBUE |
||
| 043 | _ama----- | ||
| 082 | 0 | 4 |
_a693.956 _bك و د _222 |
| 110 | 2 |
_aجامعة الدول العربية. _bمجلس وزراء الإسكان والتعمير العرب |
|
| 245 | 1 | 2 |
_aالكودات العربية الموحدة لتصميم وتنفيذ المباني. _pكودة أعمال المباني. _pالجدران الحاملة وغير الحاملة والعقود والقباب والأقبية / _cمجلس وزراء الإسكان والتعمير العرب. |
| 264 | 1 |
_a[القاهرة] : _bجامعة الدول العربية، مجلس وزراء الإسكان والتعمير العرب، _c[2004] |
|
| 300 |
_a374 صفحة : _bإيضاحيات ؛ _c28 سم |
||
| 336 |
_aنص _btxt _2rdacontent |
||
| 337 |
_aبدون وسيط _bn _2rdamedia |
||
| 338 |
_aمجلد _bnc _2rdacarrier |
||
| 650 | 7 |
_aالمباني _xمواصفات قياسية _zالبلاد العربية. _2BUEsh |
|
| 650 | 7 |
_aتصميم المباني _zالبلاد العربية. _2BUEsh _98106 |
|
| 650 | 7 |
_aالهندسة الإنشائية _zالبلاد العربية. _2BUEsh |
|
| 651 | _2BUEsh | ||
| 653 |
_aالجدران الحاملة وغير الحاملة _bENGARC _cOctober2020 |
||
| 653 | _aالعقود | ||
| 653 |
_aالقباب والأقبية _bENGARC _cOctober2020 |
||
| 942 | _2ddc | ||